| 000 | 00488nam a2200133 a 4500 | ||
|---|---|---|---|
| 001 | 000038174 | ||
| 005 | 20201002031203.0 | ||
| 008 | 130320s2000 dr a 000 0 spa d | ||
| 040 |
_aDO-SdBNP _bspa _cBNPHU |
||
| 245 | 0 | 0 | _aGuía de iniciación para el productor pecuario en pequeña escala y consejos generales sobre administración. |
| 260 |
_aSanto Domingo : _bCentro de Investigación y Educación Popular, _c2000. |
||
| 300 |
_a79 p. : _bils. ; _c22 cm. |
||
| 504 | _aBibliografía : p. 79 | ||
| 999 |
_c37664 _d37664 |
||